000 00951nas a2200325 4500
001 BR7901727
003 BR-BrBNA
005 20231205083651.0
007 ta
008 230509b bl.|||p| |||| 00| 00por d
040 _aBR-BrBNA
_bpor
_cBiblioteca Nacional de Agricultura
041 _a(Pt)
072 _aF00
100 1 _aBresolin, M.
100 1 _aSilva, L.C.M. da
100 1 _aOliveira, J.V.
100 1 _aGuadagnini, J.P.
100 1 _aBarni, V.
100 1 _aNuss, C.
100 1 _aWinbler, E.I.G.
100 1 _aColonia, V.J.
245 1 _aAvaliacao de cultivares de milho no estado do Rio Grande do Sul [Zea mays, rendimento, Brasil]
650 _aMILHO
650 _aCOMPORTAMENTO DE VARIEDADE
650 _aRENDIMENTO
650 _aRIO GRANDE DO SUL
773 0 _tIPAGRO Informa (Brazil)
_xISSN 0100-3410
_g(Sep 1978), (no. 20) p. 20-30
_wBR7901727
909 _a202311
_bLúcia
_c55
_dLúcia Elande
942 _2AGRIS
_n0
_cANA
999 _c100433
_d100433